Central Library OPAC University of Rajshahi

A discourse on modern Sibyls / (Record no. 32265)

MARC details
000 -LEADER
fixed length control field 00932nam a2200265 a 4500
001 - CONTROL NUMBER
control field 32265
003 - CONTROL NUMBER IDENTIFIER
rucl marc code BD-RjUL
005 - DATE AND TIME OF LATEST TRANSACTION
control field 20211209051817.0
008 - FIXED-LENGTH DATA ELEMENTS--GENERAL INFORMATION
fixed length control field 180808s1913 enk 000 0deng d
035 ## - SYSTEM CONTROL NUMBER
System control number (BD-RjUL)32354
040 ## - CATALOGING SOURCE
Original cataloging agency DLC
Transcribing agency PAU
Modifying agency OCL
-- BD-RjUL
Language of cataloging eng
041 ## - LANGUAGE CODE
Language code of text/sound track or separate title eng
082 ## - DEWEY DECIMAL CLASSIFICATION NUMBER
Edition number 23
Classification number 823.8
Author mark and year RID 1913
100 1# - MAIN ENTRY--PERSONAL NAME
Personal name Ritchie, Anne Thackeray,
Dates associated with a name 1837-1919.
9 (RLIN) 222235
245 12 - TITLE STATEMENT
Title A discourse on modern Sibyls /
Statement of responsibility, etc. by Lady Ritchie
260 ## - PUBLICATION, DISTRIBUTION, ETC. (IMPRINT)
Place of publication, distribution, etc. Oxford :
Name of publisher, distributor, etc. H. Hart, printer to the university,
Date of publication, distribution, etc. 1913
300 ## - PHYSICAL DESCRIPTION
Pagination 12 p. ;
Size 25 cm
490 1# - SERIES STATEMENT
Series statement The English Association ;
Volume/sequential designation Pamphlet no. 24
500 ## - GENERAL NOTE
General note Cover-title
General note Early Victorian women writers: George Eliot, Charlotte Brontë, Mrs. Gaskell, Mrs. Oliphant
650 #0 - SUBJECT ADDED ENTRY--TOPICAL TERM
Topical term or geographic name as entry element English fiction
Chronological subdivision 19th century
General subdivision History and criticism
9 (RLIN) 222236
Topical term or geographic name as entry element Women authors
9 (RLIN) 222237
830 ## - SERIES ADDED ENTRY--UNIFORM TITLE
Uniform title The English Association ;
Volume number/sequential designation Pamphlet no. 24
942 ## - ADDED ENTRY ELEMENTS (KOHA)
Source of classification or shelving scheme Dewey Decimal Classification
Koha item type Rare Books
Holdings
Lost status Source of classification or shelving scheme Damaged status Not for loan Collection code Permanent Location Current Location Shelving location Date acquired Total Checkouts Full call number Date last seen Copy number Koha item type
  Dewey Decimal Classification   Not For Loan Rare Books Central Library, University of Rajshahi Central Library, University of Rajshahi Rare Book Section 09/08/2018   RA 823.8 RID 1913 09/08/2018 C-1 Rare Books